Real Valladolid CF Squad 2025-2026 - Statistics

General Stats
  • This quiz has been taken 30 times
    9 since last reset
  • The average score is 26 of 36
Answer Stats
# Position Nation Player % Correct
11 FW Senegal Amath Ndiaye
100%
- Coach Uruguay Guillermo Almada
100%
14 DF Spain Iván Alejo
100%
9 FW Spain Juanmi Latasa
100%
10 FW Brazil Marcos André
100%
17 FW Croatia Stipe Biuk
100%
1 GK Spain Álvaro Aceves
88%
20 MF Spain Chuki
88%
- Coach Spain Fran Escribá
88%
21 MF France Julien Ponceau
88%
15 DF Spain Pablo Tomeo
88%
22 FW Dominican Republic Peter Federico
88%
- Coach Spain Sisi González
88%
24 MF Croatia Stanko Jurić
88%
2 DF France Clément Michelin
75%
4 DF Spain David Torres
75%
13 GK Portugal Guilherme Fernandes
75%
- Coach Spain Luis Tevenet
75%
16 MF Spain Mario Maroto
75%
5 DF Spain Ramón Martínez
75%
8 MF Spain Víctor Meseguer
75%
18 DF Spain Carlos Clerc
63%
3 DF Spain Guille Bueno
63%
12 MF Nigeria Ibrahim Alani
63%
5 DF Spain Javi Sánchez
63%
6 MF France Mathis Lachuer
63%
19 FW Uruguay Lucas Sanseviero
50%
23 DF Morocco Mohamed Jaouab
50%
39 FW Netherlands Noah Ohio
50%
7 FW Spain Sergi Canós
50%
2 DF Spain Trilli
50%
25 FW Norway Vegard Erlien
50%
28 FW Spain Xavi Moreno
50%
27 DF Spain Iván Garriel
38%
18 FW Spain Jorge Delgado
38%
19 FW Spain Adrián Arnu
25%
No matching quizzes found
Score Distribution
Percent of People with Each Score
Percentile by Number Answered
Your Score History
You have not taken this quiz since the last reset